Detroit Movies by Picture - Statistics

General Stats
  • This quiz has been taken 331 times
  • The average score is 6 of 16
Answer Stats
Picture Answer % Correct
RoboCop
90%
8 Mile
87%
The Karate Kid
87%
Transformers: Age of Extinction
82%
Beverly Hills Cop
68%
Gran Torino
64%
Dreamgirls
44%
Four Brothers
21%
Hoffa
15%
True Romance
14%
Grosse Pointe Blank
13%
Detroit Rock City
10%
Don't Breathe
10%
White Boy Rick
8%
No Sudden Move
5%
The Dilemma
5%
No matching quizzes found
Score Distribution
Percent of People with Each Score
Percentile by Number Answered
Your Score History
You have not taken this quiz